000 00607nam a2200193Ia 4500
008 240925s9999 xx 000 0 und d
020 _a9781851685110
082 _a297.4092 CHI
100 _aChittick, William C.
245 0 _aIbn Arabi: Heir to the Prophet
250 _aNA
260 _aNew York:
_bOxford University Press
_c,2009.
300 _a647p.
_b6-May
_fOriginal
500 _aIncludes Index
600 _aHumanities & Natural Science
650 _aReligion
856 _uhttps://drive.google.com/file/d/174KpPCpfn-Bo708uqh8IzuQfAfaNqCIv/view?usp=sharing
_yClick here for PDF
942 _cBK
999 _c12658
_d12658